00900nam a22002297a 4500999001700000003000900017008004100026040007100067082002700138100001700165245005200182260003200234300002800266440003200294505014600326650001800472650001600490650001900506942001600525945002100541952010800562 c15457d15457AR-CdUCM190427b ||||| |||| 00| 0 spa d aMUNICIPALIDAD PROVINCIAL DEL CUSCOcBIBLIOTECA MUNICIPAL DEL CUSCO a982.034 /bSA21 / 1919 aSan Martín aSan Martín :bsu correspondencia, 1823-1850 / aMadrid :bAmérica,c1919. a368 páginas ;c21 cm. aBiblioteca Ayacucho.928434 aContenido: San Martín, O´higgins -- Ídem, Miller -- Ídem y V. López -- Ídem, Lafuente -- Ídem, Rosas -- Ídem, á Brandsen ... aHistoria9136 aSiglo XX98 aArgentina9511 2ddccLIBROS aachld2019-04-27 002ddc4070aSCAbSCAcCARTd2019-04-27g100.00o982.034 / SA21 / 1919pSCA0003434r2019-04-27yLIBROS